| 000 | 01208nam a2200241 i 4500 | ||
|---|---|---|---|
| 001 | 154583 | ||
| 003 | ES-MaACL | ||
| 005 | 20251009063056.0 | ||
| 008 | 970404m18691879sp a |||| | spa d | ||
| 040 |
_aCYL _bspa _cCYL |
||
| 100 | 1 |
_aGonzález Hidalgo, Joaquín, _d1839-1923 _9127415 |
|
| 245 | 1 | 0 |
_aMoluscos del viaje al Pacífico verificado de 1862 a 1865 por una comisión de naturalistas enviada por el gobierno español / _cpor Joaquín Gonzalez Hidalgo. |
| 260 |
_aMadrid : _b[s.n.], _c1869-1879 ( _fImprenta de Miguel Ginesta) |
||
| 300 |
_a3 v.(152 p. ; 78 p., 8 h. de lám ; 144 p.) ; _c32 cm. |
||
| 505 | 8 | _aContiene: Parte primera: Univalvos terrestres / por Joaquín Gonzalez Hidalgo. Parte segunda: Bivalbos marinos / Francisco Martinez y Saez. Parte tercera: Univalvos marinos / por J. G. Hidalgo | |
| 530 | _aDisponible en formato digital. | ||
| 650 | 4 |
_aMoluscos- _zPacífico. _9163543 |
|
| 700 | 1 | 1 |
_aMartínez y Sáez, Francisco de Paula, _d1835-1908 _9129653 |
| 700 | 1 |
_aDelahaye, Guy. _9126730 |
|
| 852 |
_aES-MaACL _jG-11628-30 _z-- Enc. hol. |
||
| 856 |
_uhttp://bdh-rd.bne.es/viewer.vm?id=0000011832&page=1 _zBiblioteca Digital Hispánica |
||
| 999 |
_c154583 _d154583 |
||